Multiple Choice City Quiz - Curitiba - Statistics

General Stats
  • This quiz has been taken 37 times
    26 since last reset
  • The average score is 8 of 10
Answer Stats
Question Answer % Correct
Which of these public transport systems was developed in Curitiba? Bus Rapid Transit (BRT)
95%
In 1972, XV de Novembro Street was the first in Brazil to became a "calçadão". What does this word mean? Pedestrian street
95%
Curitiba is considered a reference in which of these areas? Urban planning
95%
Curitiba is the _____ Brazilian state capital. Coldest
90%
Which of these immigrant groups was NOT significant in Curitiba? Greeks
90%
Curitiba is the capital of which Brazilian state? Paraná
90%
Which of these rivers originates near Curitiba? Iguazu
86%
What is the araucaria, very common in the Curitiba region? A pine
81%
What year was Curitiba founded? 1693
62%
Tanguá Park was built on the site of a... Quarry
62%
No matching quizzes found
Score Distribution
Percent of People with Each Score
Percentile by Number Answered
Your Score History
You have not taken this quiz since the last reset